Устройство и эксплуатация установок сжиженного газа

Bibliografiset tiedot
Päätekijä: Букшпун И. Д. Илья Давыдович
Muut tekijät: Бутаев О. А. Олег Александрович
Kieli:venäjä
Julkaistu: Москва, Стройиздат, 1966
Aiheet:
Aineistotyyppi: MixedMaterials Kirja
KOHA link:https://koha.lib.tpu.ru/cgi-bin/koha/opac-detail.pl?biblionumber=153011

MARC

LEADER 00000nam0a2200000 4500
001 153011
005 20231031151224.0
035 |a (RuTPU)RU\TPU\book\165905 
090 |a 153011 
100 |a 20090207d1966 m y0rusy50 ca 
101 0 |a rus 
102 |a RU 
105 |a a z 001zy 
200 1 |a Устройство и эксплуатация установок сжиженного газа  |f И. Д. Букшпун, О. А. Бутаев 
210 |a Москва  |c Стройиздат  |d 1966 
215 |a 267 с.  |c ил. 
320 |a Библиогр.: с. 263. 
610 1 |a устройства 
610 1 |a эксплуатация 
610 1 |a установки 
610 1 |a сжиженный газ 
610 1 |a газовые установки 
675 |a 661.9  |v 3 
700 1 |a Букшпун  |b И. Д.  |g Илья Давыдович 
701 1 |a Бутаев  |b О. А.  |g Олег Александрович 
801 1 |a RU  |b 63413507  |c 20090207  |g PSBO 
801 2 |a RU  |b 63413507  |c 20090602  |g PSBO 
942 |c BK